000 02296cam a22005294i 4500
003 PE-LiUPU
005 20250731172849.0
008 150427s2015 enk rb 000 0 eng d
020 _a1783680474
020 _a9781783680474
035 _a(Sirsi) i9781783680474
040 _aNLE
_bspa
_erda
_cNLE
_dOCLCO
_dYDXCP
_dOCLCQ
_dOCLCO
_dPE-LiUPU
082 0 4 _a227.1066
_bX53
_223
100 1 _aXue, Xiaxia,
_eautor.
245 1 0 _aPaul's viewpoint on God, Israel, and the Gentiles in Romans 9-11 :
_ban intertextual thematic analysis /
_cXiaxia Xue.
264 1 _aCarlisle,Reino Unido :
_bLangham Monographs,
_c2015.
300 _a303 páginas ;
_c23 centímetros
336 _atext
_2rdacontent
337 _aunmediated
_2rdamedia
338 _avolume
_2rdacarrier
504 _aBibliografía : páginas 289-303.
505 0 _aIntroduction -- Research methodology: an intertextual thematic analysis -- An intertextual thematic analysis of Romans 9:1-29: the nature of God and who are God's people -- Paul's critique of Israel: An intertetextual thematic analysis of Romans 9:30 - 10:21 -- Paul's warning to the gentiles and the salvation of all God's people: an intertextual analysis of Romans 11 -- Conclusion.
526 _aSEG42
526 _aSEG41
526 _aSEG40
526 _aSEG39
526 _aP94
526 _aP87
526 _aP86
526 _aP85
526 _aP77
526 _aP76
526 _aP35
600 0 0 _aPablo,
_cEl apostol, Santo
_xEnseñanzas.
630 0 0 _aBiblia.
_pRomanos IX-XI
_xHermenéutica.
630 0 0 _aBiblia.
_pRomanos IX-XI
_xLanguaje, estilo.
650 0 _aGentiles en el Nuevo Testamento.
650 0 _aIsrael (Teología cristiana)
650 0 _aJudios en el Nuevo Testamento.
910 _ajck
_bebj
_cebj
_d20160607
942 _2ddc
_cBOOK
949 _a227.1066 X53
_wDEWEY
_c1
_i73595
_lCCODEBUL1
_mBUL
_p17.50
_r0
_sY
_tBOOK
_u2016-6-7
_xTEOLOGIA
_PP85
_0COMPRA
_o.STAFF. Colección General Teología
994 _aC0
_bPEPRU
596 _a1
999 _a227.1066 X53
_wDEWEY
_c9772
_i73595
_d9772
_e2019-9-16
_f2021-11-9
_g5
_lCCODEBUL1
_mBUL
_n2
_p17.50
_q2
_r0
_sY
_tBOOK
_u2016-6-7
_xTEOLOGIA
_PP85
_0COMPRA
_o.STAFF. Colección Teología
980 _81
_gALBERTO SANCHEZ Responsable de Automatización